Statystyki dla Polacy którzy otrzymali nagrodę Nobla

Kliknij tutaj aby rozwiązać quiz!

Ogólne statystyki

  • Ten quiz został rozwiązany 59 razy
  • Średni wynik to 5 z 8

Statystyki odpowiedzi

Osoba% Poprawnych
Maria Skłodowska-Curie
93%
Lech Wałęsa
83%
Henryk Sienkiewicz
74%
Olga Tokarczuk
74%
Czesław Miłosz
69%
Wisława Szymborska
69%
Władysław Reymont
54%
Józef Rotblat
9%

Rozkład punktacji

Percentyl według liczby udzielonych odpowiedzi

Procent ludzi z każdym wynikiem

Twoja historia wyników

Nie rozwiązałeś tego quizu